00615nam a2200217Ia 450000500170000000800410001702000210005804000190007904100120009808200130011010000190012324500720014226000410021430000210025550400190027663000250029565000260032065100210034670000190036785000110038620231219100524.0131103s9999 xx 000 0 und d a333929195cRs.88 aLoreto College aEnglish a428bMOH aMohan, Krishna aDeveloping Communication Skills, cKrishna Mohan and Meera Banerji aDelhibMacmillan India limitedc1990 axv,295 p.b ill. aIncludes index aCommunicative Skills aCommunicative English aEnglish Language aBanerji, Meera aLCLIB